000 00776nam a2200253 a 4500
001 BRCA_7563
005 20190320205905.0
008 060613s1956----gw-a######---#000-0#ger-#
041 _ager
044 _agw
050 4 _aNK5106
_b.S35 1956
100 1 _aSchlosser, Ignaz
_918658
245 1 0 _aDas alte glas
_cvon I. Schlosser.
260 _aBrunswick, Alemania
_bKlinkhardt & Biermann
_c1956
300 _a301 p.
_bil. a color, 229 láminas
_c26 cm.
440 0 _aBibliothek fur Kunst-U
_pAntiquitaten-Freunde
_v36
_918659
500 _aVer también Y29 (2a. ed. 1965)
500 _aS44
504 _aBibliografía p. 294-295
650 1 4 _aCristalería
_xHistoria
_9686
650 1 4 _aCristalería
_vColeccionistas y colecciones
_918660
902 _aGFM
942 _2lcc
_cB
999 _c7237
_d7237